000 00573nam a2200229Ia 4500
003 OSt
005 20221005114247.0
006 a|||||r|||| 00| 0
007 ta
008 221004b |||||||| |||| 00| 0 rus d
024 _a54359
037 _cTextual
040 _aCRL
_cCRL
_brus
041 _2rus
_arus
082 _aO142,3M67,1, 32J7
100 _aHippiyus Au.
_9624662
245 0 _aAppleppoo mottu
260 _c1957
650 _aRUSSIAN FICTION
942 _hO142,3M67,1, 32J7
_cTEXL
_2cc
999 _c1030776
_d1030776